00285nam a2200109 a 4500008004100000050001500041100002400056245002900080250001200109260004500121350000900166120416s1971 ||||||||||||||||| || u aHB 601 Sch aSchultze, Charles L10aNational income analysis a3rd ed. aEnglewood CliffsbFT Prentice-Hallc1971 a0.00